000 00286nam a22001217a 4500
008 181102b xxu||||| |||| 00| 0 eng d
041 _aeng
080 _a612.39
100 _a10
101 _aNUT
245 _aNutritional Factors in General Medicine
_cAltschule,M.D
942 _2udc
_cBK
999 _c51689
_d51689